[Event "CZE Extraliga 2019-20"]
[Site "Czech Republic"]
[Date "2020.01.25"]
[Round "5.5"]
[White "Polak, Tomas"]
[Black "Jirovsky, Milos"]
[Result "1-0"]
[WhiteElo "2527"]
[BlackElo "2452"]
[Annotator "TA"]
[PlyCount "59"]
[EventDate "2019.09.15"]
[EventType "team-tourn"]
[EventCountry "CZE"]
[SourceTitle "playchess.com"]
[Source "ChessBase"]
[SourceQuality "1"]

{[%evp 23,59,0,4,0,11,13,8,8,6,12,14,0,0,0,0,0,0,-21,-12,-118,77,91,83,83,89,74,76,68,76,0,0,0,127,102,120,112,29995,29996]} 1. d4 d5 2. c4 c6 3. Nc3 Nf6 4. Nf3 e6 5. e3 Nbd7 6. Qc2 b6 7. b3 Bb7 8. Bb2 Bd6 9. Be2 Qe7 10. O-O O-O 11. Rad1 Rad8 12. Rfe1 Rfe8 13. h3 {D45: Semi-Slav: 5 e3} (13. Bf1 c5 14. cxd5 exd5 15. g3 Rc8 16. Qb1 cxd4 17. Nxd4 Bb4 18. Qa1 Ne5 19. Bg2 Qd7 20. a3 Bc5 21. Nce2 Ne4 22. Nf4 {½-½ (22) So,W (2760)-Giri,A (2776) Kolkata 2019}) 13... h6 14. e4 dxe4 15. Nxe4 {The position is equal.} Nxe4 16. Qxe4 Nf6 17. Qe3 c5 18. Ne5 cxd4 19. Bxd4 Nd7 $146 ({Predecessor:} 19... Bb4 20. Rf1 Bc5 21. Bxc5 Qxc5 22. Qxc5 bxc5 {1-0 (47) Malaniuk,V (2554)-Lamard,G (2331) Cannes 2014}) 20. Ng4 {Threatens to win with Bxg7!} e5 21. Bc3 (21. Bf3 $1 $11) 21... Nf8 $2 (21... h5 $1 $17 {[%cal Rh5g4] and life is bright.} 22. Nh6+ gxh6 23. Qxh6 Nc5) 22. Nxe5 $1 $16 Qc7 {[%cal Rd6e5] [#]} 23. Bh5 $1 {[%cal Rh5f7]} Ng6 24. Bxg6 fxg6 25. Qg3 g5 26. f4 (26. h4 $16) 26... gxf4 $11 27. Qg6 $36 {[%mdl 2048] aiming for Ng4! White has the initiative.} Bc8 {[#]} (27... Bxe5 $11 {keeps the balance.} 28. Rxd8 Qxd8 29. Rxe5 Rxe5 30. Bxe5 Qd7) 28. Nc6 $1 $16 Rxe1+ 29. Rxe1 Rf8 $2 {[%mdl 8192] [#]} (29... Bc5+ $16 30. Kf1 Bf5 31. Ne7+ (31. Qxf5 Qxc6 32. Qg4 g5 $11) 31... Qxe7 32. Rxe7 Bxg6 33. Rxg7+ {[%mdl 64] Double Attack} Kf8 34. Rxg6 Rd3) 30. Ne7+ $1 {[%mdl 512] Accuracy: White = 55%, Black = 42%.} 1-0

[Event "CZE Extraliga 2019-20"]
[Site "Czech Republic"]
[Date "2020.01.25"]
[Round "5.5"]
[White "Jansa, Vlastimil"]
[Black "Szotkowski, Jakub"]
[Result "1-0"]
[WhiteElo "2452"]
[BlackElo "2388"]
[Annotator "TA"]
[PlyCount "109"]
[EventDate "2019.09.15"]
[EventType "team-tourn"]
[EventCountry "CZE"]
[SourceTitle "playchess.com"]
[Source "ChessBase"]
[SourceQuality "1"]

{[%evp 24,109,17,12,0,0,0,0,21,12,0,0,0,0,0,0,0,0,0,0,0,0,0,-31,-33,-60,-36,-35,0,0,0,0,45,20,54,39,87,89,93,96,71,0,0,0,0,0,0,0,0,0,184,178,482,96,379,379,350,335,458,464,458,442,570,544,1009,938,962,931,591,397,2169,2249,1689,1741,12835,12835,12836,12836,12837,12838,12838,12839,12841,12841,12844,12844,12845,12845]} 1. e4 c6 2. d4 d5 3. Nd2 dxe4 4. Nxe4 Bf5 5. Ng3 Bg6 6. h4 h6 7. Nf3 Nd7 8. h5 Bh7 9. Bd3 Bxd3 10. Qxd3 e6 11. Bd2 Ngf6 12. O-O-O Be7 13. Kb1 Qb6 {B19: Classical Caro-Kann: 4...Bf5 main line} (13... O-O 14. Qe2 Qb6 15. Ne5 Rfd8 16. Nc4 Qb5 17. Na5 Qb6 18. Qf3 Qxd4 19. Nxb7 Rdb8 20. Bc3 Qb6 21. Nd6 Bxd6 22. Rxd6 {0-1 (60) Jobava,B (2617)-Navara,D (2717) Batumi 2019}) 14. Rhe1 O-O 15. Nf5 exf5 {The position is equal.} 16. Rxe7 Qd8 $1 {[%cal Rd8e7]} 17. Re2 Ne4 18. Bc1 Re8 19. g4 fxg4 20. Rxe4 Rxe4 21. Qxe4 Nf6 {[#]} 22. Qf5 $146 {Threatens to win with Ne5.} ({Predecessor:} 22. Qe5 gxf3 23. Rg1 Kh8 24. b3 {½-½ (24) Pichot,A (2564)-Peralta,F (2563) Villa Martelli 2018}) 22... gxf3 23. c4 Qe7 24. Be3 Rd8 25. Qxf3 Qe4+ 26. Qxe4 Nxe4 $11 {[%mdl 4096] Endgame KRB-KRN} 27. Kc2 b6 28. Kd3 f5 29. f3 Nc5+ 30. Ke2 Ne6 31. d5 cxd5 32. cxd5 (32. Rxd5 $16 Rxd5 33. cxd5) 32... Nc7 33. d6 Ne8 34. Bf4 Nf6 35. Be5 {Hoping for Bxf6.} Kf7 36. Rc1 Ne8 $2 {[#]} (36... Nxh5 $11 37. Rc7+ Ke6 38. Re7+ Kd5) 37. Ke3 $1 $18 Rd7 $2 {[#]} (37... Nxd6 38. Rc7+ Ke6 39. Bxg7 Ne8 40. Rxa7 Rd5 41. Bxh6 Nf6) 38. Rc6 $2 (38. Rc7 $1 $18 {[%mdl 512]} Ke6 (38... Nxc7 39. dxc7) 39. Kf4 Nxd6 40. Rxd7 Kxd7 41. Bxg7) 38... Rd8 $2 {[%mdl 8192]} (38... Ke6 $16 39. Kf4 Nf6 40. Bxf6 Kxf6) 39. Kf4 Ke6 40. a4 Kd5 41. Rc1 Ke6 42. Re1 Kf7 43. Rd1 Nf6 44. Bxf6 Kxf6 {KR-KR} 45. d7 Ke6 46. b4 {[%cal Bb2b4,Bb4b5][%mdl 32]} Kf6 $2 (46... a6 47. Rd2 b5) 47. b5 {White is clearly winning.} Ke6 48. Rd2 Ke7 49. Kxf5 Rf8+ 50. Kg6 Kd8 51. Rd3 Rf4 52. Kxg7 Rxa4 53. Kxh6 a5 54. bxa6 b5 55. Kg7 {Accuracy: White = 77%, Black = 30%.} 1-0

[Event "CZE Extraliga 2019-20"]
[Site "Czech Republic"]
[Date "2020.01.25"]
[Round "5.5"]
[White "Blahynka, Martin"]
[Black "Cyborowski, Lukasz"]
[Result "1/2-1/2"]
[WhiteElo "2423"]
[BlackElo "2509"]
[Annotator "TA"]
[PlyCount "79"]
[EventDate "2019.09.15"]
[EventType "team-tourn"]
[EventCountry "CZE"]
[SourceTitle "playchess.com"]
[Source "ChessBase"]
[SourceQuality "1"]

{[%evp 18,79,68,67,68,68,80,81,76,58,66,45,49,47,62,54,61,54,89,101,101,110,113,108,109,90,91,96,99,77,89,69,119,120,175,0,0,0,439,420,552,544,538,398,391,387,541,280,288,231,215,84,29,0,0,0,32,23,39,0,1,0,46,0]} 1. e4 c5 2. Nf3 e6 3. c4 Nc6 4. Nc3 Nf6 5. Be2 Qc7 6. O-O a6 7. d4 cxd4 8. Nxd4 Nxd4 9. Qxd4 Bc5 10. Qd3 O-O {B41: Sicilian: Kan Variation: 5 c4} 11. a3 (11. Kh1 Be7 12. f4 d6 13. f5 Nd7 14. Qg3 Ne5 15. f6 Bxf6 16. Rxf6 Kh8 17. Rf1 Nxc4 18. Bxc4 Qxc4 19. Bg5 b5 20. Be7 Rg8 21. Rxf7 b4 22. Bf8 Qd4 23. Rd1 Qe5 24. Bxg7+ {1-0 (24) Moiseenko,V (2528)-Ladva,O (2513) St Petersburg 2016}) 11... Be7 12. Rd1 b6 {White is better.} 13. Be3 Bb7 14. f4 $146 {Hoping for e5.} ({Predecessor:} 14. f3 d6 15. Rac1 Nd7 16. b4 Rfd8 17. Bf1 Rac8 18. Qd2 {½-½ (60) Poormosavi,S (2221)-Matsenko,V (2106) Poti 2018}) 14... d6 15. Rac1 Rab8 16. Bd4 Nd7 17. b4 Rfd8 18. Nd5 exd5 19. cxd5 Nc5 {[#]} 20. Qg3 $1 $40 {[%csl Gd4][%cal Rg3g7][%mdl 640] White attacks with force.} Bf8 21. bxc5 bxc5 22. Bf6 Re8 23. e5 Bc8 24. exd6 Qa5 25. Bg4 {[#] Strongly threatening d7.} Qa4 26. Re1 $2 ({White must play} 26. Bxc8 $18 Rexc8 27. f5) 26... Rxe1+ 27. Rxe1 Kh8 $2 {[%mdl 8192]} (27... Bxg4 $11 {and Black has nothing to worry.} 28. Qxg4 c4) 28. Bd1 $18 Qd7 29. Be7 Bb7 30. Bxf8 Rxf8 31. Re7 Qb5 32. Bf3 c4 33. Qf2 Bxd5 34. Re5 (34. d7 $18 {a4! is the strong threat.} Be6 35. Qd4) 34... Qb1+ $16 35. Qf1 (35. Re1 $5 {[%cal Re1b1]} Qb5 36. Rd1 Bxf3 37. Qxf3 $11) 35... Qb6+ $1 36. Qf2 Qb1+ 37. Re1 Qb5 $1 38. Re5 Qb1+ 39. Re1 Qb5 $1 40. Re5 {Accuracy: White = 45%, Black = 50%.} 1/2-1/2

[Event "CZE Extraliga 2019-20"]
[Site "Czech Republic"]
[Date "2020.01.25"]
[Round "5.6"]
[White "Simacek, Pavel"]
[Black "Roubalik, Jakub"]
[Result "1/2-1/2"]
[WhiteElo "2486"]
[BlackElo "2405"]
[Annotator "ChessBase"]
[PlyCount "112"]
[EventDate "2019.09.15"]
[EventType "team-tourn"]
[EventCountry "CZE"]
[SourceTitle "playchess.com"]
[Source "ChessBase"]
[SourceQuality "1"]
[TimeControl "40/5400+30:1800+30"]

1. e4 {[%emt 0:00:00]} c5 {[%emt 0:00:00]} 2. Nf3 {[%emt 0:00:05]} Nc6 {[%emt 0:00:00]} 3. d4 {[%emt 0:00:14]} cxd4 {[%emt 0:00:06]} 4. Nxd4 {[%emt 0:00:03]} e5 {[%emt 0:00:28]} 5. Nb5 {[%emt 0:00:05]} d6 {[%emt 0:00:05]} 6. c4 {[%emt 0:00:15]} Be7 {[%emt 0:00:45]} 7. N5c3 {[%emt 0:00:09]} Nf6 {[%emt 0:05:44]} 8. Be2 {[%emt 0:00:31]} O-O {[%emt 0:04:25]} 9. O-O {[%emt 0:00:27]} Be6 {[%emt 0:06:02]} 10. Be3 {[%emt 0:01:55]} Rc8 {[%emt 0:01:51]} 11. Qd2 {[%emt 0:06:00]} Qd7 {[%emt 0:03:26]} 12. f3 {[%emt 0:05:11]} Bd8 {[%emt 0:17:00]} 13. Nb5 {[%emt 0:04:28]} Be7 {[%emt 0:07:00]} 14. Rd1 {[%emt 0:01:49]} a6 {[%emt 0:01:50]} 15. N5c3 {[%emt 0:06:43]} Qc7 {[%emt 0:10:52]} 16. Na3 {[%emt 0:08:51]} Qb8 {[%emt 0:08:45]} 17. Nd5 {[%emt 0:05:02]} Bxd5 {[%emt 0:00:13]} 18. exd5 {[%emt 0:07:55]} Nd4 {[%emt 0:00:31]} 19. Bxd4 {[%emt 0:03:18]} exd4 {[%emt 0:00:04]} 20. Nc2 {[%emt 0:00:07]} Nd7 {[%emt 0:00:12]} 21. Nxd4 {[%emt 0:00:30]} Bf6 {[%emt 0:00:30]} 22. Kh1 {[%emt 0:01:16]} Rfe8 {[%emt 0:01:21]} 23. Bf1 {[%emt 0:00:08]} Qa7 {[%emt 0:03:46]} 24. Rac1 {[%emt 0:01:03]} Qb6 {[%emt 0:07:14]} 25. b3 {[%emt 0:03:02]} g6 {[%emt 0:01:33]} 26. Nc2 {[%emt 0:09:39]} h5 {[%emt 0:08:18]} 27. Re1 {[%emt 0:03:27]} Kg7 {[%emt 0:01:30]} 28. Rxe8 {[%emt 0:03:50]} Rxe8 {[%emt 0:00:01]} 29. Re1 {[%emt 0:00:09]} Rxe1 {[%emt 0:00:54]} 30. Qxe1 {[%emt 0:00:53]} a5 {[%emt 0:03:21]} 31. Qe3 {[%emt 0:06:48]} Qxe3 {[%emt 0:00:48]} 32. Nxe3 {[%emt 0:00:03]} Nc5 {[%emt 0:00:18]} 33. Nc2 {[%emt 0:00:35]} Bb2 {[%emt 0:02:10]} 34. Kg1 {[%emt 0:00:52]} Kf6 {[%emt 0:00:15]} 35. Kf2 {[%emt 0:01:45]} Ke5 {[%emt 0:00:24]} 36. Ke2 {[%emt 0:04:02]} g5 {[%emt 0:01:06]} 37. Kd2 {[%emt 0:02:33]} f5 {[%emt 0:00:57]} 38. Bd3 {[%emt 0:08:16]} Kf4 {[%emt 0:02:45]} 39. Ne1 {[%emt 0:03:01]} h4 {[%emt 0:00:24]} 40. Be2 {[%emt 0:00:29]} Bd4 {[%emt 0:02:20]} 41. g3+ {[%emt 0:34:01]} hxg3 {[%emt 0:01:04]} 42. Ng2+ {[%emt 0:00:00]} Ke5 {[%emt 0:00:05]} 43. hxg3 {[%emt 0:00:00]} Bf2 {[%emt 0:06:49]} 44. f4+ {[%emt 0:00:00]} gxf4 {[%emt 0:00:10]} 45. gxf4+ {[%emt 0:00:00]} Ke4 {[%emt 0:04:53]} 46. Bd1 {[%emt 0:00:00]} Bg3 {[%emt 0:00:35]} 47. Ke2 {[%emt 0:00:00]} Bxf4 {[%emt 0:00:27]} 48. Bc2+ {[%emt 0:00:00]} Ke5 {[%emt 0:00:05]} 49. Nh4 {[%emt 0:00:00]} Kd4 {[%emt 0:00:10]} 50. Ng2 {[%emt 0:00:00]} Bg5 {[%emt 0:05:27]} 51. Bxf5 {[%emt 0:00:00]} Kc3 {[%emt 0:01:56]} 52. Ne1 {[%emt 0:00:00]} a4 {[%emt 0:02:42]} 53. bxa4 {[%emt 0:00:00]} Kxc4 {[%emt 0:00:20]} 54. Bc2 {[%emt 0:00:00]} Kxd5 {[%emt 0:00:56]} 55. Bb3+ {[%emt 0:00:00]} Kc6 {[%emt 0:01:20]} 56. Nd3 {[%emt 0:00:00]} Nxd3 1/2-1/2

[Event "CZE Extraliga 2019-20"]
[Site "Czech Republic"]
[Date "2020.01.25"]
[Round "5.6"]
[White "Kislinsky, Alexey"]
[Black "Mrazek, Lumir"]
[Result "*"]
[WhiteElo "2436"]
[BlackElo "2303"]
[Annotator "TA"]
[PlyCount "29"]
[EventDate "2019.09.15"]
[EventType "team-tourn"]
[EventCountry "CZE"]
[SourceTitle "playchess.com"]
[Source "ChessBase"]
[SourceQuality "1"]

{[%evp 9,12,0,4,-26,16]} 1. e4 c5 2. b3 Nc6 3. Bb2 Nf6 4. e5 Nd5 5. Nf3 g6 6. Bc4 {B30: Sicilian: 2...Nc6 3 Bb5, lines without ...g6} Nb6 {Predecessor:} 7. Bb5 $146 Bg7 8. Bxc6 bxc6 9. O-O c4 10. Re1 O-O 11. d3 cxd3 12. Qxd3 d6 13. c4 dxe5 14. Qxd8 Rxd8 15. Nxe5 {0-1 (67) Morozevich,A (2731)-Nakamura,H (2775) Dubai 2014} *

[Event "CZE Extraliga 2019-20"]
[Site "Czech Republic"]
[Date "2020.01.25"]
[Round "5.6"]
[White "Hrabusa, Matej"]
[Black "Pisk, Petr"]
[Result "1/2-1/2"]
[WhiteElo "2368"]
[BlackElo "2338"]
[Annotator "TA"]
[PlyCount "68"]
[EventDate "2019.09.15"]
[EventType "team-tourn"]
[EventCountry "CZE"]
[SourceTitle "playchess.com"]
[Source "ChessBase"]
[SourceQuality "1"]

{[%evp 17,68,27,28,23,42,62,40,22,30,26,68,41,38,33,29,0,79,69,94,92,176,50,61,65,78,66,63,34,39,42,47,33,149,22,75,43,50,27,54,50,57,38,135,77,78,78,66,39,77,74,82,17,26]} 1. e4 c5 2. Nf3 d6 3. d4 cxd4 4. Nxd4 Nf6 5. Nc3 Nc6 6. Bc4 Qb6 7. Nb3 e6 8. Bf4 Ne5 9. Be2 a6 10. g4 {B57: Classical Sicilian: Sozin with 6...Qb6} (10. Be3 Qc7 11. f4 Nc4 12. Bxc4 Qxc4 13. Qd3 Qxd3 14. cxd3 Bd7 15. Bb6 Be7 16. Na5 O-O 17. Rc1 Rfc8 18. a3 Be8 19. b4 {0-1 (35) Polgar,J (2685)-Bartel,M (2641) Budapest 2014}) 10... Qc7 11. g5 Nfd7 12. Qd4 {White is slightly better.} b5 13. O-O-O Qb6 14. Bg3 Qxd4 15. Rxd4 Be7 16. Kb1 $146 ({Predecessor:} 16. h4 h6 17. gxh6 Rxh6 {½-½ (55) Vavulin,M (2292)-Mischuk,D (2317) Sochi 2012}) 16... O-O (16... h6 $11) 17. Rhd1 $16 Nc6 18. R4d2 ({Not} 18. Bxd6 Nxd4 19. Bxe7 Nxe2 $15) 18... Nde5 (18... b4 $16 {keeps fighting.}) 19. Nd4 (19. Rxd6 $18 {f4 is the strong threat.} Bb7 20. Nc5) 19... Nxd4 $14 20. Rxd4 Rb8 21. a3 Bb7 22. h4 Rfc8 23. f3 Bf8 24. Na2 Ba8 (24... Be7 $14) 25. Nc1 (25. Rxd6 $16 Bxd6 26. Rxd6) 25... a5 (25... f6 $11 {remains equal.}) 26. Nb3 a4 27. Nc1 Nc6 28. R4d2 Ne5 29. Na2 Bc6 (29... f5 $14) 30. Nb4 (30. Rxd6 $142 Bxd6 31. Rxd6) 30... Be8 $16 31. c3 Be7 32. Rd4 Bf8 33. f4 Nc6 34. Nxc6 ({White should play} 34. R4d2 $16) 34... Bxc6 {Accuracy: White = 43%, Black = 32%.} 1/2-1/2

[Event "CZE Extraliga 2019-20"]
[Site "Czech Republic"]
[Date "2020.01.25"]
[Round "5.6"]
[White "Rubes, Jan"]
[Black "Babula, Vlastimil"]
[Result "1/2-1/2"]
[WhiteElo "2363"]
[BlackElo "2559"]
[Annotator "TA"]
[PlyCount "120"]
[EventDate "2019.09.15"]
[EventType "team-tourn"]
[EventCountry "CZE"]
[SourceTitle "playchess.com"]
[Source "ChessBase"]
[SourceQuality "1"]

{[%evp 9,120,39,38,12,25,10,13,13,13,7,23,28,44,49,29,37,53,49,44,44,47,48,47,51,59,61,88,92,82,70,81,47,62,77,72,74,102,97,98,98,87,70,118,122,197,195,191,179,192,186,187,186,160,191,225,170,237,186,186,186,186,186,243,243,243,243,264,241,1043,974,648,192,191,191,192,192,192,192,192,192,192,192,192,192,192,42,42,0,192,192,192,192,192,192,192,192,192,0,192,192,192,192,192,192,192,140,140,140,140,0,0,0,0]} 1. d4 Nf6 2. Bf4 g6 3. Nc3 Bg7 4. e4 d5 (4... d6 5. Qd2 c6 6. Bh6 Bxh6 7. Qxh6 Qa5 8. f3 b5 9. Bd3 b4 10. Nd1 c5 11. Ne2 Nc6 12. d5 Ne5 13. b3 c4 14. Bxc4 Nxc4 15. bxc4 Ba6 16. Qd2 Rc8 {1-0 (43) Jumabayev,R (2633)-Guseinov,G (2654) Riga 2019}) 5. e5 Ne4 6. Nxe4 {A45: Trompowsky Attack} dxe4 7. Qd2 O-O 8. O-O-O c5 9. dxc5 Qxd2+ 10. Bxd2 $146 ({Predecessor:} 10. Rxd2 Nc6 11. f3 {1-0 (38) Mehar,C (2286)-Bakalchuk,J (2429) Pardubice 2018}) 10... Nc6 11. f4 exf3 12. Nxf3 Bg4 13. h3 Bxf3 14. gxf3 Nxe5 15. f4 Nc6 $1 16. Bg2 Rfc8 17. c3 e6 18. Kc2 Rc7 19. Be3 a5 20. Rd2 Kf8 21. a4 Ke8 22. Rhd1 Bf8 23. Bf1 Bh6 24. Bb5 Ke7 25. Kb3 Rac8 26. Kc4 Ne5+ (26... e5 $16) 27. fxe5 $18 {Black must now prevent Rd7+.} Bxe3 28. Rd7+ Kf8 29. Rxc7 Rxc7 {[%mdl 4096] Endgame KRB-KRB} 30. Rd8+ $1 Kg7 31. b4 Bf4 32. Kd4 f6 (32... Re7 {might work better.} 33. bxa5 f6) 33. exf6+ Kxf6 34. Rd7 $1 h5 {[#]} 35. Rxc7 $1 Bxc7 {[#] KB-KB} (35... Be5+ $142 36. Kc4 Bxc7) 36. Bd3 $1 g5 37. Be2 g4 38. hxg4 hxg4 $2 (38... h4 39. b5 Bg3) 39. Bxg4 Ke7 40. Kc4 $2 (40. Bf3) 40... Kd7 41. Kb5 Bd8 42. bxa5 Kc7 43. Bxe6 Bf6 44. c4 Bd4 45. Bd5 Be3 46. Bf3 Bf2 47. Kb4 (47. Bg2 $18) 47... Be1+ $1 $14 48. Kb5 (48. Ka3 $14) 48... Bf2 $1 $18 49. c6 bxc6+ 50. Bxc6 {Strongly threatening c5.} Kd6 51. Bf3 Be3 52. Ka6 {Threatens to win with Kb7.} Kc7 53. Kb5 {c5 is the strong threat.} Kd6 54. a6 Ba7 55. Bd5 Kc7 56. c5 Bb8 57. a7 (57. Be4 $18) 57... Bxa7 $16 58. a5 Kd7 59. Be6+ (59. Be4 $16) 59... Kxe6 $11 60. Kc6 Bxc5 {Accuracy: White = 71%, Black = 62%.} 1/2-1/2

[Event "CZE Extraliga 2019-20"]
[Site "Czech Republic"]
[Date "2020.01.25"]
[Round "5.6"]
[White "Mrazek, Lumir"]
[Black "Kislinsky, Alexey"]
[Result "1-0"]
[WhiteElo "2303"]
[BlackElo "2436"]
[Annotator "NA RC"]
[PlyCount "133"]
[EventDate "2019.09.15"]
[EventType "team-tourn"]
[EventCountry "CZE"]
[SourceTitle "playchess.com"]
[Source "ChessBase"]
[SourceQuality "1"]
[TimeControl "40/5400+30:1800+30"]

1. e4 {[%emt 0:00:00]} c5 {[%emt 0:00:14]} 2. b3 {[%emt 0:00:20]} Nc6 {[%emt 0:01:37]} 3. Bb2 {[%emt 0:00:12]} Nf6 {[%emt 0:00:10]} 4. e5 {[%emt 0:00:20]} Nd5 {[%emt 0:00:06]} 5. Nf3 {[%emt 0:00:06]} g6 {[%emt 0:01:11]} 6. Bc4 {[%emt 0:03:14]} Nb6 $11 {[%emt 0:01:06]} 7. h4 {[%emt 0:27:55]} Nxc4 {[%emt 0:03:03]} 8. bxc4 {[%emt 0:00:05]} Qb6 {[%emt 0:01:04]} 9. Bc3 {[%emt 0:04:37]} Nd4 {[%emt 0:04:38]} 10. Na3 {[%emt 0:10:04]} Bg7 {[%emt 0:04:08]} 11. Rb1 {[%emt 0:08:47]} Qc6 {[%emt 0:00:11]} 12. Bxd4 {[%emt 0:03:14]} cxd4 {[%emt 0:00:35]} 13. Qe2 {[%emt 0:02:41]} O-O {[%emt 0:05:51]} 14. Nb5 {[%emt 0:01:14]} d6 {[%emt 0:04:18]} 15. Nbxd4 {[%emt 0:01:57]} Qc5 {[%emt 0:00:41]} 16. Rb5 {[%emt 0:05:36]} Qc7 {[%emt 0:00:27]} 17. exd6 {[%emt 0:01:57]} Qxd6 {[%emt 0:04:54]} 18. O-O {[%emt 0:06:50]} b6 {[%emt 0:03:26]} 19. Rd5 {[%emt 0:04:10]} Qf6 {[%emt 0:00:21]} 20. Re1 {[%emt 0:01:46]} e6 {[%emt 0:00:34]} 21. Rg5 {[%emt 0:01:06]} Bb7 {[%emt 0:01:13]} 22. c5 {[%emt 0:02:33]} h6 {[%emt 0:04:47]} 23. Re5 {[%emt 0:02:28]} bxc5 {[%emt 0:01:22]} 24. Rxc5 {[%emt 0:00:10]} Rac8 {[%emt 0:03:11]} 25. Rxc8 {[%emt 0:00:02]} Rxc8 {[%emt 0:00:11]} 26. c3 {[%emt 0:00:27]} Rc5 {[%emt 0:04:16]} 27. Rb1 {[%emt 0:00:30]} Qe7 {[%emt 0:00:42]} 28. Rb5 {[%emt 0:00:28]} Rc7 {[%emt 0:02:26]} 29. h5 {[%emt 0:00:51]} a6 {[%emt 0:01:53]} 30. Rxb7 {[%emt 0:04:00]} Rxb7 {[%emt 0:00:07]} 31. hxg6 {[%emt 0:00:08]} Rb1+ {[%emt 0:04:15]} 32. Kh2 {[%emt 0:00:14]} Qd6+ {[%emt 0:00:06]} 33. g3 {[%emt 0:00:36]} Qd5 {[%emt 0:01:47]} 34. gxf7+ {[%emt 0:00:09]} Kxf7 {[%emt 0:00:07]} 35. Qd3 {[%emt 0:03:50]} Ra1 {[%emt 0:04:47]} 36. c4 {[%emt 0:00:04]} Qb7 {[%emt 0:07:05]} 37. Qh7 {[%emt 0:04:05]} Kf6 {[%emt 0:12:51]} 38. Qg8 {[%emt 0:00:17]} Qf7 {[%emt 0:02:46]} 39. Qa8 {[%emt 0:01:45]} Rxa2 {[%emt 0:04:01]} 40. Qe4 {[%emt 0:00:16]} Ke7 {[%emt 0:05:36]} 41. Qb7+ {[%emt 0:03:09]} Kf6 {[%emt 0:03:01]} 42. Qb3 {[%emt 0:12:04]} Qh5+ {[%emt 0:01:43]} 43. Nh4 {[%emt 0:01:11]} Rxd2 {[%emt 0:02:30]} 44. Qe3 {[%emt 0:00:32]} Rxd4 {[%emt 0:01:07]} 45. Qxd4+ {[%emt 0:00:04]} Qe5 {[%emt 0:00:21]} 46. Qd8+ {[%emt 0:00:59]} Kf7 {[%emt 0:00:13]} 47. Qd7+ {[%emt 0:01:03]} Kf6 {[%emt 0:04:44]} 48. Qe8 {[%emt 0:01:28]} Qd4 {[%emt 0:00:18]} 49. Kg1 {[%emt 0:02:22]} a5 {[%emt 0:04:06]} 50. c5 {[%emt 0:03:10]} a4 {[%emt 0:00:53]} 51. c6 {[%emt 0:01:48]} a3 {[%emt 0:01:07]} 52. c7 {[%emt 0:00:30]} a2 {[%emt 0:00:05]} 53. Qg6+ {[%emt 0:00:28]} Ke7 {[%emt 0:00:06]} 54. c8=Q {[%emt 0:01:19]} a1=Q+ {[%emt 0:00:36]} 55. Kg2 {[%emt 0:00:21]} Qd5+ {[%emt 0:03:09]} 56. Nf3 {[%emt 0:00:21]} Qd7 {[%emt 0:03:13]} 57. Qc5+ {[%emt 0:00:05]} Qd6 {[%emt 0:02:43]} 58. Qa7+ {[%emt 0:00:06]} Qd7 {[%emt 0:00:31]} 59. Qc5+ {[%emt 0:02:28]} Qd6 {[%emt 0:00:41]} 60. Qch5 {[%emt 0:00:55]} Qd5 {[%emt 0:04:23]} 61. Qe8+ {[%emt 0:00:22]} Kd6 {[%emt 0:00:07]} 62. Qhf7 {[%emt 0:02:03]} Kc5 {[%emt 0:08:10]} 63. Qc7+ {[%emt 0:01:43]} Kb4 {[%emt 0:00:06]} 64. Qee7+ {[%emt 0:01:06]} Kb3 {[%emt 0:01:12]} 65. Qxg7 {[%emt 0:00:34]} Qxg7 {[%emt 0:01:33]} 66. Qxg7 {[%emt 0:00:06]} h5 {[%emt 0:00:13]} 67. Qe5 {[%emt 0:00:17]} 1-0